000 00676nam a2200181 a 4500
008 150618s2006 ||||||||||||||||| || u
020 _a9781412903813
050 _aHF 5415.2 Moi
100 _aMoisander, Johanna
245 1 0 _aQualitative marketing research: a cultural approach
_cby Johanna Moisander and Anu Valtonen
260 _aLos Angeles
_bSAGE Publications
_c2006
300 _axi, 227p.
350 _a68.00
650 0 _aMARKETING
650 _aMARKET RESEARCH
650 0 _aQUALITATIVE RESEARCH
995 _FCBU-MAIN LIBRARY (Kitwe)
_I68.00
_M1
_UAVAILABLE
_WAug 25, 2015
_ZMain Library Open Access Collection
999 _c55385
_d55385